00626nam a2200157 a 450000100100000000500170001000800410002704000250006808200150009310000350010824501200014326000400026330000350030395201130033899900170045100003380320200930070530.0110912d1891 dr ac 000 0 spa d aDO-SdBNPbspacBNPHU axxxbS469e1 aSelvas Zenén, Ático95922510aEpisodios historicos de América :bDescubrimiento, conquista, coloniaje e independencia /cÁticoSelvas Zenén. aParís :bGarnier Hermanos,c1891. a187 p. :bil., retr. ;c22 cm. 001050718RVaGRbGRcCTd2011-09-12iLF1l0oxxx S469ep33803-10r2020-06-25w2020-06-25y1ZNo se presta c33294d33294